Svetlo z Lisieux životopisná črta svätej Terézie

Podrobná bibliografia
Hlavný autor: Hlinka, Anton, 1926-2011 (Autor)
Médium: Kniha
Jazyk:slovenčina
Fyzický popis:273 s., [10] s. fotogr. 16 cm
Vydavateľské údaje: Rím Slovenský ústav svätého Cyrila a Metoda 1977
Vydanie:3. vyd.
Predmet:

MARC

LEADER 00000nam a2200000 a 4500
001 vtls008828833
003 SK-MaSNL
005 20260301205619.0
008 250313s1977 it o g 000 0bslo
020 |q (brož.) 
035 |a B586F114-1536-4510-A9A3-1DCE728F6946 
035 |a urn:nbn:sk:snk-amtig0 
035 |a urn:nbn:sk:snk-am00c4oo 
040 |a SNK  |b slo  |c SNK  |e AACR2 
041 0 |a slo 
043 |a e-fr--- 
044 |a it  |c IT 
072 7 |a 929  |x Biografie  |2 konspekt 
072 7 |a 27-78  |x Kresťanské združenia, spolky a organizácie. Rehoľné rády  |2 konspekt 
080 |a 271.73-055.2  |2 2001 
080 |a 27-789.34-055.2  |2 2001 
080 |a 929  |2 2001 
080 |a (092)  |2 2001 
080 |a (44)  |2 2001 
100 1 |a Hlinka, Anton,  |d 1926-2011  |4 aut  |9 92283 
245 1 0 |a Svetlo z Lisieux  |b životopisná črta svätej Terézie  |c Anton Hlinka 
250 |a 3. vyd. 
260 |a Rím  |b Slovenský ústav svätého Cyrila a Metoda  |c 1977 
300 |a 273 s., [10] s.  |b fotogr.  |c 16 cm 
504 |a Bibliogr. odkazy 
600 0 7 |a Terézia,  |c z Lisieux, svätá,  |d 1873-1897  |2 SNKMA  |9 157804 
648 7 |a 19. stor.  |2 SNKPH  |9 278793 
650 0 7 |a svätice  |2 SNKPH  |9 75500 
650 0 7 |a karmelitánky  |2 SNKPH  |9 73601 
651 7 |a Francúzsko  |2 SNKPH  |9 15907 
655 7 |a biografie  |2 SNKPH  |9 27965 
852 |a Slovenská národná knižnica 
958 |a OND 
999 |c 910799  |d 912729 
952 |a SNK  |b SNK  |y PREZ  |7 0  |p 17A0516139  |o snkSD 75745  |i snk2006/13450  |8 3  |g 16.60  |0 0  |1 0  |4 0  |d 2006-07-06  |f 1  |l 0  |r 2025-11-24 00:00:00  |w 2026-02-24 
952 |a SNK  |b SNK  |y VYP  |7 0  |p 17A1426211  |o snkSD 75745 D1  |i snk2020/14956  |8 3  |g 5.00  |0 0  |1 0  |4 0  |d 2020-08-24  |l 0  |r 2026-02-24 07:42:34  |w 2026-02-24